000
00225nam a2200097Ia 4500
001
762549
005
20250826165228.0
008
250824s9999 xx 000 0 und d
245
0
_a
KUŞKU
_c
JEFF ABOUT
260
_b
MARTI YAYINLARI
999
_c
762549
_d
762549